| 000 | 00629nam a2200241Ia 4500 | ||
|---|---|---|---|
| 003 | OSt | ||
| 005 | 20251023190555.0 | ||
| 008 | 210423s2011 xx 000 0 und d | ||
| 020 | _a9789380836058 | ||
| 040 | _cAL | ||
| 041 | _aEnglish | ||
| 082 |
_a361.3 _bGAUS |
||
| 100 |
_aGautam P R _9120943 |
||
| 245 | _aSocial work and social development | ||
| 260 |
_aNew Delhi _bCentrum Press _c2011 |
||
| 300 |
_a304 _bHB |
||
| 365 |
_b900 _cINR |
||
| 650 |
_aSocial Problems & Services _9120944 |
||
| 650 |
_aSocial Work _9120945 |
||
| 700 |
_aSingh, R S _9242590 |
||
| 906 | _adevelopment ; Social ; work | ||
| 942 |
_2ddc _cBK |
||
| 999 |
_c176088 _d176088 |
||